Normal view
MARC view
- الحديث - مسند بن مالك - الحديث - شرح الحديث - اخكام
Entry Topical Term
001 - CONTROL NUMBER
- control field: 39666
003 - CONTROL NUMBER IDENTIFIER
- control field: JO-AjAnu
005 - DATE AND TIME OF LATEST TRANSACTION
- control field: 20230606080608.0
008 - FIXED-LENGTH DATA ELEMENTS
- fixed length control field: 230606|| aca||aabn | a|a d
040 ## - CATALOGING SOURCE
- Original cataloging agency: JO-AjAnu
- Transcribing agency: JO-AjAnu
150 ## - HEADING--TOPICAL TERM
- Topical term or geographic name entry element: الحديث - مسند بن مالك - الحديث - شرح الحديث - اخكام
670 ## - SOURCE DATA FOUND
- Source citation: Work cat.: (JO-AjAnu)20339: السيوطي جلال الدين؛ تحقيق وتعليق موفق فوزي جبر, author 39665, إسعاف المبطا برجال الموطأ